000 00560nam a22001931 4500
001 bimo0000663741
003 OSt
005 20140814213003.0
008 900725s1962 sp spa
040 _aSpMaBN
_bspa
_cBMC
082 _a920 Leopoldo Alas
100 1 _aCabezas, Juan Antonio
_d1900-1993
_9940
245 1 1 _a"Clarín"
_b: el provinciano universal
_cJuan Antonio Cabezas
260 0 _aMadrid
_bEspasa-Calpe
_c1962
300 _a229 p.
_c18 cm
490 0 _aAustral
_v1313
600 1 4 _9419
_aAlas, Leopoldo
_d1852-1901
_xBiografías
942 _2ddc
_cBK
999 _c819
_d819